| 000 -LEADER | |
|---|---|
| fixed length control field | 00487nam a22001697a 4500 |
| 005 - DATE AND TIME OF LATEST TRANSACTION | |
| control field | 20251126182356.0 |
| 008 - FIXED-LENGTH DATA ELEMENTS--GENERAL INFORMATION | |
| fixed length control field | 251120b |||||||| |||| 00| 0 eng d |
| 020 ## - INTERNATIONAL STANDARD BOOK NUMBER | |
| ISBN | 978-81-938138-0-5 |
| 041 ## - LANGUAGE CODE | |
| Language code of text/sound track or separate title | eng |
| 082 ## - DEWEY DECIMAL CLASSIFICATION NUMBER | |
| Classification number | 615.6 MOH-A |
| 100 ## - MAIN ENTRY--AUTHOR NAME | |
| Personal name | MOHAMMED, DR. YASMEEN BEGUM AND SRAVYA, MOHAMMED G. |
| 245 ## - TITLE STATEMENT | |
| Title | ADVANCE IN DRUG DELIVERY SYSTEM: EXPERIMENTALLY POSSIBLE |
| 260 ## - PUBLICATION, DISTRIBUTION, ETC. (IMPRINT) | |
| Place of publication | HYDERABAD |
| Name of publisher | TAURUS PUBLISHERS |
| 300 ## - PHYSICAL DESCRIPTION | |
| Number of Pages | 234;P |
| 650 ## - SUBJECT ADDED ENTRY--TOPICAL TERM | |
| Topical Term | PHARMACY |
| General subdivision | B.PHARMA |
| 942 ## - ADDED ENTRY ELEMENTS (KOHA) | |
| Koha item type | Books |
| Lost status | Damaged status | Collection code | Home library | Current library | Date acquired | Source of acquisition | Cost, normal purchase price | Full call number | Accession Number | Koha item type |
|---|---|---|---|---|---|---|---|---|---|---|
| PHARMACY | JRU Library | JRU Library | 14/11/2025 | PURCHASE | 399.00 | 615.6 | 29037 | Books |